000 00328nam a2200121Ia 4500
008 220216s9999 xx 000 0 und d
245 0 _aIndian rubber industry is poised for spectacular growth
260 _bRubber Asia 20th Anniversary Issue
300 _a161-165
650 _aIndia
650 _aRubber industry
942 _cJS
999 _c61090
_d61090